| 000 | 00776cad a22002175a 4500 | ||
|---|---|---|---|
| 001 | L159765 | ||
| 008 | 150226s2016 xxk f 000 0 eng d | ||
| 035 | _a(Sirsi) u159765 | ||
| 041 | 0 | _aeng | |
| 100 | 1 | _aMcMeeken, Roxane | |
| 245 | 0 | 0 | _aIn-out |
| 260 | _c2016 | ||
| 490 |
_aModus _vMay 2016, 14-18 (5) |
||
| 520 | _aIn - Britain's future is built on EU membership. Out - Britain can build a better future outside the EU. Four experts express their views on how Brexit could effect the construction industry. The potential issues are uncertainty, imports and exports, inward investment, regulations, foreign skills, and UK and EU stability. | ||
| 590 | _aKA | ||
| 650 | 2 | 4 | _aBREXIT |
| 650 | 2 | 4 | _aEU |
| 651 | 4 | _aEurope | |
| 690 | _aBUILT ENVIRONMENT | ||
| 942 | _n0 | ||
| 999 |
_c84970 _d84970 |
||